000 00715nam a2200217 u 4500
005 20240228064158.0
008 141125s2007 r 000 0 eng d
020 _a9788478719495
035 _aUPN01000200881
049 _aI
050 4 _aPZ10.3
_bC6.52
100 1 _aCousins, Lucy,
_d1964-
_936493
245 1 0 _aMaisy grande, Maisy pequeña /
_ctexto e il. Lucy Cousins ; tr. Raquel Mancera Francoso.
260 _aBarcelona, Esp. :
_bSerres :
_bRBA,
_c2007.
300 _a[48] p. :
_bprincipalmente il. col.
534 _pTítulo original:
_tMaisy big, Maisy small
650 0 _aAnimales
_vCuentos y leyendas
_9234
650 4 _aLibros y lectura para niños
_92290
905 _aInfantil
999 _c172982
_d172982